Wonky Word Clicking - K - Statistics

General Stats
  • This quiz has been taken 265 times
  • The average score is 10 of 15
Answer Stats
Hint Answer % Correct
Knicker bocker
91%
Knick knack
90%
Ker fuffle
88%
Kum quat
88%
Kow tow
83%
Ki bosh
78%
Koo kaburra
76%
Kla xon
72%
Keel haul
64%
Kat zenhammer
55%
Ka huna
54%
Kohl rabi
50%
Kib itzer
46%
Kick shaw
45%
Knob kerrie
22%
No matching quizzes found
Score Distribution
Percent of People with Each Score
Percentile by Number Answered
Your Score History
You have not taken this quiz